| 000 | 00551nam a2200181Ia 4500 | ||
|---|---|---|---|
| 003 | GCL | ||
| 008 | 140319s9999 xx 000 0 ara d | ||
| 040 |
_aGCL / _cGCL |
||
| 082 | 0 | 4 |
_a301.29 _bس ع |
| 100 | 1 | _aسمير عبده | |
| 245 | 1 | 0 |
_aالعرب والحضارة العلمية الحديثة / _cسمير عبده |
| 490 | _a | ||
| 650 | 0 | 4 | _aالحضارة اليابانية |
| 650 | 0 | 4 | _aالثقافة اليابانية |
| 650 | 0 | 4 | _aالتطور الصناعى |
| 650 | 0 | 4 | _aالتكنولوجيا الحديثة |
| 942 |
_2ddc _cBK |
||
| 999 |
_c44683 _d44683 |
||